Statistics for Every Oscar-Nominated Leading Actor (with films)

Click here to take the quiz!

General Stats

  • This quiz has been taken 6,001 times
    (719 since last reset)
  • The average score is 314 of 476

Answer Stats

YearFilmActor% Correct
2024MaestroBradley Cooper
97%
2015American SniperBradley Cooper
97%
2019A Star Is BornBradley Cooper
97%
2013Silver Linings PlaybookBradley Cooper
97%
2014The Wolf of Wall StreetLeonardo DiCaprio
97%
2020Once Upon a Time in HollywoodLeonardo DiCaprio
97%
2005The AviatorLeonardo DiCaprio
97%
2007Blood DiamondLeonardo DiCaprio
97%
2016The RevenantLeonardo DiCaprio
97%
2016The MartianMatt Damon
96%
1998Good Will HuntingMatt Damon
96%
2022King RichardWill Smith
96%
2002AliWill Smith
96%
2007The Pursuit of HappynessWill Smith
96%
1994The Remains of the DayAnthony Hopkins
95%
1996NixonAnthony Hopkins
95%
2021The FatherAnthony Hopkins
95%
1992The Silence of the LambsAnthony Hopkins
95%
2013The MasterJoaquin Phoenix
95%
2020JokerJoaquin Phoenix
95%
2006Walk the LineJoaquin Phoenix
95%
2001Cast AwayTom Hanks
95%
1995Forrest GumpTom Hanks
95%
1989BigTom Hanks
95%
1999Saving Private RyanTom Hanks
95%
1994PhiladelphiaTom Hanks
95%
2012MoneyballBrad Pitt
94%
2009The Curious Case of Benjamin ButtonBrad Pitt
94%
1977Taxi DriverRobert De Niro
94%
1979The Deer HunterRobert De Niro
94%
1991AwakeningsRobert De Niro
94%
1981Raging BullRobert De Niro
94%
1992Cape FearRobert De Niro
94%
2013LincolnDaniel Day-Lewis
93%
1994In the Name of the FatherDaniel Day-Lewis
93%
2018Phantom ThreadDaniel Day-Lewis
93%
1990My Left FootDaniel Day-Lewis
93%
2003Gangs of New YorkDaniel Day-Lewis
93%
2008There Will Be BloodDaniel Day-Lewis
93%
2002Training DayDenzel Washington
93%
2000The HurricaneDenzel Washington
93%
2013FlightDenzel Washington
93%
2022The Tragedy of MacbethDenzel Washington
93%
2018Roman J. Israel, Esq.Denzel Washington
93%
2017FencesDenzel Washington
93%
1993Malcolm XDenzel Washington
93%
2004Pirates of the Caribbean: The Curse of the Black PearlJohnny Depp
93%
2005Finding NeverlandJohnny Depp
93%
2008Sweeney Todd: The Demon Barber of Fleet StreetJohnny Depp
93%
2010InvictusMorgan Freeman
93%
1990Driving Miss DaisyMorgan Freeman
93%
1995The Shawshank RedemptionMorgan Freeman
93%
2019Bohemian RhapsodyRami Malek
93%
2007Half NelsonRyan Gosling
93%
2017La La LandRyan Gosling
93%
1993Scent of a WomanAl Pacino
92%
1975The Godfather Part IIAl Pacino
92%
1976Dog Day AfternoonAl Pacino
92%
1974SerpicoAl Pacino
92%
1980...And Justice for AllAl Pacino
92%
1978Saturday Night FeverJohn Travolta
92%
1995Pulp FictionJohn Travolta
92%
1955On the WaterfrontMarlon Brando
92%
1953Viva Zapata!Marlon Brando
92%
1954Julius CaesarMarlon Brando
92%
1958SayonaraMarlon Brando
92%
1974Last Tango in ParisMarlon Brando
92%
1952A Streetcar Named DesireMarlon Brando
92%
1973The GodfatherMarlon Brando
92%
2002A Beautiful MindRussell Crowe
92%
2000The InsiderRussell Crowe
92%
2001GladiatorRussell Crowe
92%
2017Manchester by the SeaCasey Affleck
91%
2024OppenheimerCillian Murphy
91%
1974The Last DetailJack Nicholson
91%
1975ChinatownJack Nicholson
91%
1971Five Easy PiecesJack Nicholson
91%
1998As Good as It GetsJack Nicholson
91%
1986Prizzi's HonorJack Nicholson
91%
1976One Flew Over the Cuckoo's NestJack Nicholson
91%
2003About SchmidtJack Nicholson
91%
1988IronweedJack Nicholson
91%
2014Dallas Buyers ClubMatthew McConaughey
91%
2011The King's SpeechColin Firth
90%
2010A Single ManColin Firth
90%
1998Wag the DogDustin Hoffman
90%
1975LennyDustin Hoffman
90%
1968The GraduateDustin Hoffman
90%
1989Rain ManDustin Hoffman
90%
1980Kramer vs. KramerDustin Hoffman
90%
1970Midnight CowboyDustin Hoffman
90%
1983TootsieDustin Hoffman
90%
1988Good Morning, VietnamRobin Williams
90%
1992The Fisher KingRobin Williams
90%
1990Dead Poets SocietyRobin Williams
90%
2015The Imitation GameBenedict Cumberbatch
89%
2022The Power of the DogBenedict Cumberbatch
89%
1953High NoonGary Cooper
89%
1943The Pride of the YankeesGary Cooper
89%
1942Sergeant YorkGary Cooper
89%
1944For Whom the Bell TollsGary Cooper
89%
1937Mr. Deeds Goes to TownGary Cooper
89%
2018Darkest HourGary Oldman
89%
2021MankGary Oldman
89%
2012Tinker Tailor Soldier SpyGary Oldman
89%
2004Mystic RiverSean Penn
89%
1996Dead Man WalkingSean Penn
89%
2002I Am SamSean Penn
89%
2009MilkSean Penn
89%
2000Sweet and LowdownSean Penn
89%
1990Born on the Fourth of JulyTom Cruise
89%
1997Jerry MaguireTom Cruise
89%
2003The PianistAdrien Brody
88%
2023The WhaleBrendan Fraser
88%
1932SkippyJackie Cooper
88%
2005RayJamie Foxx
88%
2000American BeautyKevin Spacey
88%
2006CapotePhilip Seymour Hoffman
88%
2016The Danish GirlEddie Redmayne
87%
2015The Theory of EverythingEddie Redmayne
87%
2006Brokeback MountainHeath Ledger
87%
1994Schindler's ListLiam Neeson
87%
1983GandhiBen Kingsley
86%
2004House of Sand and FogBen Kingsley
86%
1993UnforgivenClint Eastwood
86%
2005Million Dollar BabyClint Eastwood
86%
2015BirdmanMichael Keaton
86%
2004Lost in TranslationBill Murray
85%
2019ViceChristian Bale
85%
2014American HustleChristian Bale
85%
2013Les MisérablesHugh Jackman
85%
1988Wall StreetMichael Douglas
85%
2022Tick, Tick...Boom!Andrew Garfield
83%
2017Hacksaw RidgeAndrew Garfield
83%
1971I Never Sang for My FatherMelvyn Douglas
83%
1977RockySylvester Stallone
83%
1991Dances with WolvesKevin Costner
82%
1957Lust for LifeKirk Douglas
82%
1953The Bad and the BeautifulKirk Douglas
82%
1950ChampionKirk Douglas
82%
2003AdaptationNicolas Cage
82%
1996Leaving Las VegasNicolas Cage
82%
1995Nobody's FoolPaul Newman
82%
1962The HustlerPaul Newman
82%
1964HudPaul Newman
82%
1983The VerdictPaul Newman
82%
1982Absence of MalicePaul Newman
82%
1968Cool Hand LukePaul Newman
82%
1987The Color of MoneyPaul Newman
82%
1959Cat on a Hot Tin RoofPaul Newman
82%
1993ChaplinRobert Downey Jr.
82%
2007The Last King of ScotlandForest Whitaker
81%
1985StarmanJeff Bridges
81%
2010Crazy HeartJeff Bridges
81%
2011True GritJeff Bridges
81%
2019Green BookViggo Mortensen
80%
2008Eastern PromisesViggo Mortensen
80%
2017Captain FantasticViggo Mortensen
80%
2023The Banshees of InisherinColin Farrell
79%
1999American History XEdward Norton
79%
2010Up in the AirGeorge Clooney
79%
2012The DescendantsGeorge Clooney
79%
2008Michael ClaytonGeorge Clooney
79%
2018Call Me by Your NameTimothée Chalamet
79%
2020Marriage StoryAdam Driver
78%
2011The Social NetworkJesse Eisenberg
78%
1944CasablancaHumphrey Bogart
77%
1955The Caine MutinyHumphrey Bogart
77%
1952The African QueenHumphrey Bogart
77%
2023ElvisAustin Butler
76%
1947The YearlingGregory Peck
76%
1963To Kill a MockingbirdGregory Peck
76%
1946The Keys of the KingdomGregory Peck
76%
1948Gentleman's AgreementGregory Peck
76%
1950Twelve O'Clock HighGregory Peck
76%
1941The Grapes of WrathHenry Fonda
76%
1982On Golden PondHenry Fonda
76%
1997The English PatientRalph Fiennes
76%
2001PollockEd Harris
75%
1981The Stunt ManPeter O'Toole
75%
1965BecketPeter O'Toole
75%
2007VenusPeter O'Toole
75%
1983My Favorite YearPeter O'Toole
75%
1969The Lion in WinterPeter O'Toole
75%
1970Goodbye, Mr. ChipsPeter O'Toole
75%
1963Lawrence of ArabiaPeter O'Toole
75%
1973The Ruling ClassPeter O'Toole
75%
1978Annie HallWoody Allen
75%
1970True GritJohn Wayne
74%
1950Sands of Iwo JimaJohn Wayne
74%
1949HamletLaurence Olivier
74%
1941RebeccaLaurence Olivier
74%
1947Henry VLaurence Olivier
74%
1979The Boys from BrazilLaurence Olivier
74%
1957Richard IIILaurence Olivier
74%
1940Wuthering HeightsLaurence Olivier
74%
1966OthelloLaurence Olivier
74%
1973SleuthLaurence Olivier
74%
1961The EntertainerLaurence Olivier
74%
1984Educating RitaMichael Caine
74%
1973SleuthMichael Caine
74%
1967AlfieMichael Caine
74%
2003The Quiet AmericanMichael Caine
74%
1998Ulee's GoldPeter Fonda
74%
1964This Sporting LifeRichard Harris
74%
1991The FieldRichard Harris
74%
1941The Great DictatorCharlie Chaplin
73%
1929The CircusCharlie Chaplin
73%
1989Mississippi BurningGene Hackman
73%
1972The French ConnectionGene Hackman
73%
1951HarveyJames Stewart
73%
1940Mr. Smith Goes to WashingtonJames Stewart
73%
1941The Philadelphia StoryJames Stewart
73%
1947It's a Wonderful LifeJames Stewart
73%
1960Anatomy of a MurderJames Stewart
73%
2010The Hurt LockerJeremy Renner
73%
2005Hotel RwandaDon Cheadle
72%
1999Life Is BeautifulRoberto Benigni
72%
1974The StingRobert Redford
72%
1959The Defiant OnesSidney Poitier
72%
1964Lilies of the FieldSidney Poitier
72%
1985AmadeusF. Murray Abraham
71%
1986WitnessHarrison Ford
71%
2011127 HoursJames Franco
71%
1981The Elephant ManJohn Hurt
71%
2016Steve JobsMichael Fassbender
71%
1987Children of a Lesser GodWilliam Hurt
71%
1986Kiss of the Spider WomanWilliam Hurt
71%
1988Broadcast NewsWilliam Hurt
71%
1958The Bridge on the River KwaiAlec Guinness
70%
1953The Lavender Hill MobAlec Guinness
70%
2012The ArtistJean Dujardin
70%
2009The WrestlerMickey Rourke
70%
2015FoxcatcherSteve Carell
70%
1960Ben-HurCharlton Heston
69%
1935It Happened One NightClark Gable
68%
1936Mutiny on the BountyClark Gable
68%
1940Gone with the WindClark Gable
68%
2018Get OutDaniel Kaluuya
68%
2001QuillsGeoffrey Rush
68%
1997ShineGeoffrey Rush
68%
1983MissingJack Lemmon
68%
1981TributeJack Lemmon
68%
1963Days of Wine and RosesJack Lemmon
68%
1961The ApartmentJack Lemmon
68%
1980The China SyndromeJack Lemmon
68%
1960Some Like It HotJack Lemmon
68%
1974Save the TigerJack Lemmon
68%
1957GiantJames Dean
68%
1956East of EdenJames Dean
68%
2011BiutifulJavier Bardem
68%
2022Being the RicardosJavier Bardem
68%
2001Before Night FallsJavier Bardem
68%
1965My Fair LadyRex Harrison
67%
1964CleopatraRex Harrison
67%
1979Coming HomeJon Voight
66%
1970Midnight CowboyJon Voight
66%
1986Runaway TrainJon Voight
66%
2024The HoldoversPaul Giamatti
66%
1997The People vs. Larry FlyntWoody Harrelson
66%
1972The HospitalGeorge C. Scott
65%
1971PattonGeorge C. Scott
65%
2004Cold MountainJude Law
65%
1981The Great SantiniRobert Duvall
65%
1984Tender MerciesRobert Duvall
65%
1998The ApostleRobert Duvall
65%
2008In the Valley of ElahTommy Lee Jones
65%
1982RedsWarren Beatty
65%
1979Heaven Can WaitWarren Beatty
65%
1992BugsyWarren Beatty
65%
1968Bonnie and ClydeWarren Beatty
65%
1991Reversal of FortuneJeremy Irons
64%
1942Citizen KaneOrson Welles
64%
1956Bad Day at Black RockSpencer Tracy
64%
1961Iherit the WindSpencer Tracy
64%
1939Boys TownSpencer Tracy
64%
1951Father of the BrideSpencer Tracy
64%
1962Judgment at NurembergSpencer Tracy
64%
1937San FranciscoSpencer Tracy
64%
1938Captains CourageousSpencer Tracy
64%
1968Guess Who's Coming to DinnerSpencer Tracy
64%
1959The Old Man and the SeaSpencer Tracy
64%
2016TrumboBryan Cranston
63%
1978The Goodbye GirlRichard Dreyfuss
63%
1996Mr. Holland's OpusRichard Dreyfuss
63%
1971The Great White HopeJames Earl Jones
62%
1957The King and IYul Brynner
62%
2021Ma Rainey's Black BottomChadwick Boseman
61%
1965Dr. StrangelovePeter Sellers
61%
1980Being TherePeter Sellers
61%
1978EquusRichard Burton
61%
1965BecketRichard Burton
61%
1970Anne of the Thousand DaysRichard Burton
61%
1954The RobeRichard Burton
61%
1966The Spy Who Came In from the ColdRichard Burton
61%
1967Who's Afraid of Virginia Woolf?Richard Burton
61%
1963Birdman of AlcatrazBurt Lancaster
60%
1954From Here to EternityBurt Lancaster
60%
1982Atlantic CityBurt Lancaster
60%
1961Elmer GantryBurt Lancaster
60%
1945None but the Lonely HeartCary Grant
60%
1942Penny SerenadeCary Grant
60%
201412 Years a SlaveChiwetel Ejiofor
60%
1956The Man with the Golden ArmFrank Sinatra
60%
1956Love Me or Leave MeJames Cagney
59%
1939Angels with Dirty FacesJames Cagney
59%
1943Yankee Doodle DandyJames Cagney
59%
1990Henry VKenneth Branagh
59%
2019At Eternity's GateWillem Dafoe
59%
1982ArthurDudley Moore
58%
1999Gods and MonstersIan McKellen
58%
1992The Prince of TidesNick Nolte
57%
1999AfflictionNick Nolte
57%
1977NetworkPeter Finch
57%
1972Sunday Bloody SundayPeter Finch
57%
1955The Country GirlBing Crosby
56%
1946The Bells of St. Mary'sBing Crosby
56%
1945Going My WayBing Crosby
56%
1991Cyrano de BergeracGérard Depardieu
56%
1956MartyErnest Borgnine
55%
2021Sound of MetalRiz Ahmed
55%
1964Tom JonesAlbert Finney
54%
1984The DresserAlbert Finney
54%
1975Murder on the Orient ExpressAlbert Finney
54%
1985Under the VolcanoAlbert Finney
54%
2024American FictionJeffrey Wright
54%
1954Stalag 17William Holden
54%
1951Sunset BoulevardWilliam Holden
54%
1977NetworkWilliam Holden
54%
1994What's Love Got to Do with ItLaurence Fishburne
53%
1968In the Heat of the NightRod Steiger
53%
1966The PawnbrokerRod Steiger
53%
2023LivingBill Nighy
52%
2014NebraskaBruce Dern
52%
2020The Two PopesJonathan Pryce
52%
1985AmadeusTom Hulce
52%
1965Zorba the GreekAnthony Quinn
51%
1958Wild Is the WindAnthony Quinn
51%
1959Separate TablesDavid Niven
51%
1966Cat BallouLee Marvin
51%
2021MinariSteven Yeun
51%
2020Pain and GloryAntonio Banderas
50%
1975Harry and TontoArt Carney
50%
1958Witness for the ProsecutionCharles Laughton
50%
1936Mutiny on the BountyCharles Laughton
50%
1934The Private Life of Henry VIIICharles Laughton
50%
2023AftersunPaul Mescal
50%
1957GiantRock Hudson
50%
2006Hustle & FlowTerrence Howard
50%
1972Fiddler on the RoofTopol
50%
1997Sling BladeBilly Bob Thornton
49%
1932The Royal Family of BroadwayFredric March
49%
1947The Best Years of Our LivesFredric March
49%
1933Dr. Jekyll and Mr. HydeFredric March
49%
1952Death of a SalesmanFredric March
49%
1938A Star Is BornFredric March
49%
1939PygmalionLeslie Howard
49%
1934Berkeley SquareLeslie Howard
49%
1976The Man in the Glass BoothMaximilian Schell
49%
1962Judgment at NurembergMaximilian Schell
49%
1971Love StoryRyan O'Neal
49%
1961Sons and LoversTrevor Howard
49%
2009Frost/NixonFrank Langella
48%
1946Anchors AweighGene Kelly
48%
1967The Sand PebblesSteve McQueen
48%
1976The Sunshine BoysWalter Matthau
48%
1972KotchWalter Matthau
48%
1953Moulin RougeJosé Ferrer
47%
1951Cyrano de BergeracJosé Ferrer
47%
1959The Defiant OnesTony Curtis
47%
1969The Heart Is a Lonely HunterAlan Arkin
46%
1967The Russians Are Coming, The Russians Are ComingAlan Arkin
46%
1969CharlyCliff Robertson
46%
1932A Free SoulLionel Barrymore
46%
1948A Double LifeRonald Colman
46%
1931CondemnedRonald Colman
46%
1931Bulldog DrummondRonald Colman
46%
1943Random HarvestRonald Colman
46%
1980All That JazzRoy Scheider
46%
1987Mona LisaBob Hoskins
45%
1949The SearchMontgomery Clift
45%
1952A Place in the SunMontgomery Clift
45%
1954From Here to EternityMontgomery Clift
45%
1934I Am a Fugitive from a Chain GangPaul Muni
45%
1930The ValiantPaul Muni
45%
1960The Last Angry ManPaul Muni
45%
1937The Story of Louis PasteurPaul Muni
45%
1938The Life of Emile ZolaPaul Muni
45%
1967A Man for All SeasonsPaul Scofield
45%
1950All the King's MenBroderick Crawford
44%
1946The Lost WeekendRay Milland
44%
2002In the BedroomTom Wilkinson
44%
1929The Way of All FleshEmil Jannings
43%
1929The Last CommandEmil Jannings
43%
1988Dark EyesMarcello Mastroianni
43%
1963Divorce Italian StyleMarcello Mastroianni
43%
1978A Special DayMarcello Mastroianni
43%
1993The Crying GameStephen Rea
43%
1944The Human ComedyMickey Rooney
42%
1940Babes in ArmsMickey Rooney
42%
2024RustinColman Domingo
41%
2006Good Night, and Good LuckDavid Strathairn
41%
1955A Star Is BornJames Mason
41%
1987SalvadorJames Woods
41%
1979The Buddy Holly StoryGary Busey
40%
1989Stand and DeliverEdward James Olmos
39%
1931The Green GoddessGeorge Arliss
39%
1931DisraeliGeorge Arliss
39%
1995The Madness of King GeorgeNigel Hawthorne
39%
1940Goodbye, Mr. ChipsRobert Donat
39%
1939The CitadelRobert Donat
39%
1989Pelle the ConquerorMax von Sydow
38%
1933The ChampWallace Beery
38%
1931The Big HouseWallace Beery
38%
1937DodsworthWalter Huston
38%
1942The Devil and Daniel WebsterWalter Huston
38%
2009The VisitorRichard Jenkins
37%
1986Murphy's RomanceJames Garner
36%
2000The Straight StoryRichard Farnsworth
36%
1985The Killing FieldsSam Waterston
36%
1936The InformerVictor McLaglen
36%
1944Watch on the RhinePaul Lukas
35%
1930In Old ArizonaWarner Baxter
35%
1996Il Postino: The PostmanMassimo Troisi
34%
1938ConquestCharles Boyer
33%
1945GaslightCharles Boyer
33%
1962FannyCharles Boyer
33%
1939AlgiersCharles Boyer
33%
1948Mourning Becomes ElectraMichael Redgrave
33%
1952Bright VictoryArthur Kennedy
32%
1945Going My WayBarry Fitzgerald
32%
2012A Better LifeDemián Bichir
32%
1935The Thin ManWilliam Powell
32%
1948Life with FatherWilliam Powell
32%
1937My Man GodfreyWilliam Powell
32%
1935The Affairs of CelliniFrank Morgan
31%
1984Reuben, ReubenTom Conti
31%
1984The DresserTom Courtenay
31%
1946A Song to RememberCornel Wilde
30%
1977Seven BeautiesGiancarlo Giannini
30%
1938Night Must FallRobert Montgomery
30%
1942Here Comes Mr. JordanRobert Montgomery
30%
1930The PatriotLewis Stone
29%
1973SounderPaul Winfield
29%
1969Oliver!Ron Moody
29%
1944Madame CurieWalter Pidgeon
29%
1943Mrs. MiniverWalter Pidgeon
29%
1969The FixerAlan Bates
27%
1987Round MidnightDexter Gordon
27%
1936Mutiny on the BountyFranchot Tone
27%
1931The Big PondMaurice Chevalier
27%
1931The Love ParadeMaurice Chevalier
27%
1930AlibiChester Morris
25%
1930ThunderboltGeorge Bancroft
25%
1960Room at the TopLaurence Harvey
25%
1962The MarkStuart Whitman
25%
1976Give 'em Hell, Harry!James Whitmore
24%
1949Johnny BelindaLew Ayres
24%
1941Abe Lincoln in IllinoisRaymond Massey
24%
1947The Jolson StoryLarry Parks
23%
1966Ship of FoolsOskar Werner
23%
1945WilsonAlexander Knox
22%
1949Sitting PrettyClifton Webb
22%
1943The Pied PiperMonty Woolley
22%
1958A Hatful of RainAnthony Franciosa
21%
1932CimarronRichard Dix
21%
1950The Hasty HeartRichard Todd
21%
1932The Front PageAdolphe Menjou
20%
1933The GuardsmanAlfred Lunt
20%
1949When My Baby Smiles at MeDan Dailey
20%
1929The NooseRichard Barthelmess
20%
1929The Patent Leather KidRichard Barthelmess
20%
1955Robinson CrusoeDan O'Herlihy
19%
1931The Rogue SongLawrence Tibbett
19%
1951The Magnificent YankeeLouis Calhern
18%
1948Body and SoulJohn Garfield
16%

Score Distribution

Percentile by Number Answered

Percent of People with Each Score

Your Score History

You have not taken this quiz since the last reset